[Event "17. Torneo Ciudad de Pamplona - Abierto"]
[Site "Pamplona ESP"]
[Date "2007.12.22"]
[Round "1.2"]
[White "Li, Chao B"]
[Black "Sevilla Subiza, Javier"]
[Result "1-0"]
[WhiteElo "2553"]
[BlackElo "1793"]
[PlyCount "93"]
[EventDate "2007.12.22"]
[EventType "swiss"]
[EventRounds "9"]
[EventCountry "ESP"]
[Source "lmi"]
[SourceDate "2007.12.22"]

1. e4 e5 2. Nf3 Nf6 3. Nxe5 d6 4. Nf3 Nxe4 5. d4 d5 6. Bd3 Bf5 7. O-O Be7 8.
Re1 O-O 9. c4 c6 10. Qc2 Nd7 11. Nc3 Ndf6 12. Ne5 Bb4 13. a3 Bxc3 14. bxc3 Bg6
15. Rb1 Qc8 16. c5 Nd7 17. Nxg6 hxg6 18. Bxe4 dxe4 19. Rxe4 Re8 20. Rxe8+ Qxe8
21. Bd2 Nf6 22. h3 Qd7 23. Qb3 Ne4 24. Be1 b6 25. cxb6 axb6 26. Qxb6 Rxa3 27.
Qb8+ Kh7 28. Qf4 Qe7 29. Qe3 Qe6 30. Qc1 Ra7 31. Qf4 g5 32. Qe3 Qg6 33. Qd3 f5
34. Qc4 Rc7 35. Qd3 Ra7 36. c4 g4 37. hxg4 Qxg4 38. d5 cxd5 39. cxd5 Qf4 40.
Qd4 Re7 41. Rd1 Kh8 42. g3 Qd6 43. Qc4 Rb7 44. Qc8+ Kh7 45. Qxf5+ Qg6 46. Qxg6+
Kxg6 47. d6 1-0

[Event "17. Torneo Ciudad de Pamplona - Abierto"]
[Site "Pamplona ESP"]
[Date "2007.12.22"]
[Round "1.3"]
[White "Oyaga Valencia, Jesus Maria"]
[Black "Strikovic, Aleksa"]
[Result "0-1"]
[WhiteElo "1770"]
[BlackElo "2551"]
[PlyCount "59"]
[EventDate "2007.12.22"]
[EventType "swiss"]
[EventRounds "9"]
[EventCountry "ESP"]
[Source "lmi"]
[SourceDate "2007.12.22"]

1. d4 d6 2. c4 e5 3. d5 f5 4. Nc3 Nf6 5. Bg5 Be7 6. Qc2 Nxd5 7. Bxe7 Nxe7 8. e4
O-O 9. Bd3 Nbc6 10. O-O-O Nd4 11. Qd2 Nec6 12. Nd5 a5 13. Ne2 Nxe2+ 14. Qxe2
Nd4 15. Qd2 c6 16. Ne3 fxe4 17. Bxe4 Be6 18. f3 d5 19. Bd3 Qh4 20. Kb1 a4 21.
Qc3 a3 22. b4 Qe7 23. Nc2 Nxc2 24. Kxc2 d4 25. Qd2 b5 26. c5 Bxa2 27. Ra1 Qe6
28. Kd1 Bc4 29. Re1 a2 30. Qe2 0-1

[Event "17. Torneo Ciudad de Pamplona - Abierto"]
[Site "Pamplona ESP"]
[Date "2007.12.22"]
[Round "1.4"]
[White "San Segundo Carrillo, Pablo"]
[Black "De Esteban, Valentin"]
[Result "1-0"]
[WhiteElo "2536"]
[BlackElo "1727"]
[PlyCount "58"]
[EventDate "2007.12.22"]
[EventType "swiss"]
[EventRounds "9"]
[EventCountry "ESP"]
[Source "lmi"]
[SourceDate "2007.12.22"]

1. d4 d5 2. c4 c6 3. Nf3 e6 4. Qc2 Be7 5. Bf4 f5 6. Nc3 Nf6 7. e3 a6 8. Rc1 O-O
9. Bd3 b5 10. b3 Nbd7 11. O-O Ne4 12. h3 Ndf6 13. Ne2 Bd7 14. Ne5 Ba3 15. Rb1
Bb4 16. Ra1 Rc8 17. a3 Be7 18. c5 Ne8 19. f3 Ng5 20. a4 Nf7 21. axb5 axb5 22.
Ra7 Nxe5 23. Bxe5 Ra8 24. Rfa1 Rxa7 25. Rxa7 Bg5 26. Nf4 Bf6 27. Qa2 Bxe5 28.
dxe5 Qe7 29. b4 g6 1-0

[Event "17. Torneo Ciudad de Pamplona - Abierto"]
[Site "Pamplona ESP"]
[Date "2007.12.22"]
[Round "1.5"]
[White "Lasaosa Irigoyen, Javier"]
[Black "Lafuente, Pablo"]
[Result "0-1"]
[WhiteElo "1694"]
[BlackElo "2489"]
[PlyCount "44"]
[EventDate "2007.12.22"]
[EventType "swiss"]
[EventRounds "9"]
[EventCountry "ESP"]
[Source "lmi"]
[SourceDate "2007.12.22"]

1. e4 c6 2. d4 d5 3. Nc3 dxe4 4. Nxe4 Bf5 5. Ng3 Bg6 6. Nf3 Nd7 7. Bd3 Bxd3 8.
Qxd3 Ngf6 9. O-O e6 10. c4 Be7 11. Bd2 O-O 12. b4 Qc7 13. Bc3 Rfd8 14. Qc2 b5
15. Ne5 bxc4 16. Nxc4 Nd5 17. a3 Qf4 18. Rfe1 Rac8 19. Bb2 N5b6 20. Ne5 Nxe5
21. dxe5 Rd2 22. Qb3 Qxf2+ 0-1

[Event "17. Torneo Ciudad de Pamplona - Abierto"]
[Site "Pamplona ESP"]
[Date "2007.12.23"]
[Round "2.2"]
[White "Lakunza Oyarbide, Juan Carlos"]
[Black "Li, Chao B"]
[Result "0-1"]
[WhiteElo "2128"]
[BlackElo "2553"]
[PlyCount "52"]
[EventDate "2007.12.22"]
[EventType "swiss"]
[EventRounds "9"]
[EventCountry "ESP"]
[Source "lmi"]
[SourceDate "2007.12.22"]

1. d4 Nf6 2. c4 g6 3. Nc3 d5 4. Nf3 Bg7 5. Qb3 dxc4 6. Qxc4 O-O 7. e4 a6 8. Be3
b5 9. Qd3 Bb7 10. a3 b4 11. axb4 Nc6 12. Rd1 Nxb4 13. Qb1 Ng4 14. Bg5 h6 15.
Bc1 c5 16. h3 Nxf2 17. Kxf2 cxd4 18. Na4 Qa5 19. b3 f5 20. Bc4+ Kh7 21. exf5
Rxf5 22. Rhf1 Qc7 23. Be2 Raf8 24. Bd2 d3 25. Bxd3 Rxf3+ 26. gxf3 Rxf3+ 0-1

[Event "17. Torneo Ciudad de Pamplona - Abierto"]
[Site "Pamplona ESP"]
[Date "2007.12.23"]
[Round "2.3"]
[White "Strikovic, Aleksa"]
[Black "Ignacz, Rozsa"]
[Result "0-1"]
[WhiteElo "2551"]
[BlackElo "2079"]
[PlyCount "58"]
[EventDate "2007.12.22"]
[EventType "swiss"]
[EventRounds "9"]
[EventCountry "ESP"]
[Source "lmi"]
[SourceDate "2007.12.22"]

1. Nf3 Nf6 2. c4 e6 3. g3 d5 4. b3 Be7 5. Bg2 O-O 6. O-O b6 7. Bb2 Bb7 8. e3 c5
9. Qe2 Nc6 10. d4 dxc4 11. bxc4 cxd4 12. exd4 Qc7 13. Nbd2 Rac8 14. Rac1 Ba6
15. Nb3 Ne8 16. Rfd1 Nd6 17. Nfd2 Nb8 18. d5 Nxc4 19. Nxc4 Bxc4 20. Qg4 e5 21.
Nd4 exd4 22. Rxd4 Qe5 23. d6 Be6 24. Qd1 Rxc1 25. Qxc1 Bf6 26. Rd2 Qc5 27. Qd1
Bxb2 28. Rxb2 Rc8 29. Bf1 Qc1 0-1

[Event "17. Torneo Ciudad de Pamplona - Abierto"]
[Site "Pamplona ESP"]
[Date "2007.12.23"]
[Round "2.6"]
[White "Lopez Orois, Jose Manuel"]
[Black "Krivoshey, Sergei"]
[Result "0-1"]
[WhiteElo "2103"]
[BlackElo "2484"]
[PlyCount "78"]
[EventDate "2007.12.22"]
[EventType "swiss"]
[EventRounds "9"]
[EventCountry "ESP"]
[Source "lmi"]
[SourceDate "2007.12.22"]

1. e4 e6 2. d4 d5 3. exd5 exd5 4. Nf3 Nc6 5. Bg5 f6 6. Bf4 Nge7 7. Bd3 Bg4 8.
c3 Qd7 9. b4 g5 10. Be3 Bf5 11. Be2 Ng6 12. g3 Bd6 13. h4 g4 14. Ng1 h5 15. Bd3
Nce7 16. Ne2 O-O-O 17. Na3 c6 18. Bxf5 Nxf5 19. Qd3 Rde8 20. Nc2 Bc7 21. O-O-O
Rhg8 22. Ne1 Nd6 23. Ng2 Ne4 24. Rhf1 Rh8 25. Ngf4 Ne7 26. Kc2 Nf5 27. Bc1 a5
28. a3 Nfd6 29. Ng6 Rh7 30. Bf4 Nc4 31. Bc1 Qf5 32. Ngf4 Rhe7 33. Rde1 Qh7 34.
Kb3 Ned2+ 35. Kc2 Qxd3+ 36. Kxd3 Bxf4 37. Nxf4 Rxe1 38. Rxe1 Rxe1 39. Bxd2 Rd1
0-1

[Event "17. Torneo Ciudad de Pamplona - Abierto"]
[Site "Pamplona ESP"]
[Date "2007.12.23"]
[Round "2.7"]
[White "Salgado Lopez, Ivan"]
[Black "Zamarbide Iñarrea, Daniel"]
[Result "1-0"]
[WhiteElo "2460"]
[BlackElo "2054"]
[PlyCount "61"]
[EventDate "2007.12.22"]
[EventType "swiss"]
[EventRounds "9"]
[EventCountry "ESP"]
[Source "lmi"]
[SourceDate "2007.12.22"]

1. d4 e6 2. Nf3 b6 3. e4 Bb7 4. Bd3 Nc6 5. c3 Nge7 6. O-O d5 7. Re1 Qd7 8. exd5
exd5 9. b4 f6 10. a4 O-O-O 11. a5 Nf5 12. axb6 axb6 13. Qa4 Nd6 14. Bf4 Nc4 15.
Nbd2 Nb2 16. Qc2 Nxd3 17. Qxd3 Bd6 18. Bxd6 Qxd6 19. Nb3 g6 20. Nc5 bxc5 21.
dxc5 Qd7 22. b5 Nb8 23. c6 Nxc6 24. bxc6 Qxc6 25. Nd4 Qc4 26. Qh3+ f5 27. Reb1
Rd6 28. Rb4 c5 29. Rxc4 dxc4 30. Nb5 Rd3 31. f3 1-0

[Event "17. Torneo Ciudad de Pamplona - Abierto"]
[Site "Pamplona ESP"]
[Date "2007.12.23"]
[Round "2.9"]
[White "Llaneza Vega, Marcos"]
[Black "Roviralta Montero, Axel"]
[Result "1-0"]
[WhiteElo "2426"]
[BlackElo "2009"]
[PlyCount "61"]
[EventDate "2007.12.22"]
[EventType "swiss"]
[EventRounds "9"]
[EventCountry "ESP"]
[Source "lmi"]
[SourceDate "2007.12.22"]

1. e4 e5 2. Nf3 d6 3. Bc4 Be7 4. O-O Nf6 5. Re1 O-O 6. h3 a6 7. c3 Nbd7 8. Bb3
b5 9. d4 Bb7 10. Bc2 Re8 11. Nbd2 Bf8 12. a4 c6 13. Nf1 Qc7 14. Ng3 d5 15. dxe5
Nxe5 16. Nxe5 Qxe5 17. f4 Qc7 18. e5 Nd7 19. Qg4 Bc8 20. axb5 cxb5 21. Qd1 Bb7
22. Be3 Rac8 23. Qg4 g6 24. Bd4 Bc5 25. Bf5 Rcd8 26. Kh1 Bxd4 27. cxd4 Kh8 28.
Rec1 Bc6 29. Bxd7 Qxd7 30. Rxa6 Rc8 31. Rcxc6 1-0

[Event "17. Torneo Ciudad de Pamplona - Abierto"]
[Site "Pamplona ESP"]
[Date "2007.12.23"]
[Round "2.10"]
[White "Montoya Irigoyen, Iñigo"]
[Black "Pogorelov, Ruslan"]
[Result "0-1"]
[WhiteElo "2072"]
[BlackElo "2411"]
[PlyCount "92"]
[EventDate "2007.12.22"]
[EventType "swiss"]
[EventRounds "9"]
[EventCountry "ESP"]
[Source "lmi"]
[SourceDate "2007.12.22"]

1. c4 Nf6 2. Nc3 e6 3. Nf3 Bb4 4. Qc2 O-O 5. a3 Bxc3 6. Qxc3 b6 7. d3 d6 8. g3
Bb7 9. Bg2 c5 10. O-O Nc6 11. b4 Rb8 12. Bb2 Re8 13. e3 e5 14. Rfd1 Qe7 15.
Rab1 d5 16. bxc5 Qxc5 17. Rbc1 dxc4 18. Qxc4 Qe7 19. Qb5 a6 20. Qc4 Nd7 21. Qh4
f6 22. d4 e4 23. Nd2 Na5 24. Rc3 Bd5 25. Rdc1 b5 26. Qf4 Nc4 27. Nxc4 bxc4 28.
R3c2 Rb3 29. Qc7 Nb6 30. Qc5 Qd7 31. Qa5 Qb5 32. Bc3 Na4 33. Bb4 Qxa5 34. Bxa5
Rxa3 35. Bf1 Nb2 36. Bb4 Rb3 37. Bc5 a5 38. Ra1 a4 39. Ra2 Reb8 40. Bd6 R8b7
41. h4 Kf7 42. Bc5 c3 43. Ba6 Rb8 44. Ra1 Ra8 45. Be2 a3 46. Kh2 Nd3 0-1

[Event "17. Torneo Ciudad de Pamplona - Abierto"]
[Site "Pamplona ESP"]
[Date "2007.12.23"]
[Round "2.11"]
[White "Mellado Triviño, Juan"]
[Black "Martinez Salas, Imanol"]
[Result "1-0"]
[WhiteElo "2410"]
[BlackElo "1998"]
[PlyCount "55"]
[EventDate "2007.12.22"]
[EventType "swiss"]
[EventRounds "9"]
[EventCountry "ESP"]
[Source "lmi"]
[SourceDate "2007.12.22"]

1. d4 e6 2. e4 d5 3. Bd3 dxe4 4. Bxe4 Nd7 5. Nc3 Ngf6 6. Bf3 Be7 7. Nge2 O-O 8.
O-O Nb6 9. Bf4 Nbd5 10. Be5 c5 11. Nxd5 Nxd5 12. c4 Nb4 13. Qb3 Nc6 14. Bxc6
bxc6 15. Qg3 Bf6 16. dxc5 Bxe5 17. Qxe5 Qd3 18. Nd4 Bb7 19. Rac1 Qd2 20. Rfd1
Qa5 21. a3 Rac8 22. Nxe6 fxe6 23. Rd7 Rf7 24. Qxe6 Rcf8 25. Rxb7 Qxc5 26. Rxf7
Rxf7 27. Qe3 Qa5 28. Qe8+ 1-0

[Event "17. Torneo Ciudad de Pamplona - Abierto"]
[Site "Pamplona ESP"]
[Date "2007.12.23"]
[Round "2.12"]
[White "Aguinaga Ruiz, Jesus Luis"]
[Black "Recuero Guerra, David"]
[Result "0-1"]
[WhiteElo "2063"]
[BlackElo "2407"]
[PlyCount "62"]
[EventDate "2007.12.22"]
[EventType "swiss"]
[EventRounds "9"]
[EventCountry "ESP"]
[Source "lmi"]
[SourceDate "2007.12.22"]

1. d4 e6 2. Nf3 Nf6 3. Bg5 c5 4. c3 b6 5. e3 Bb7 6. Bd3 Be7 7. Nbd2 d5 8. Ne5
O-O 9. Qf3 Ne8 10. Qh3 g6 11. Bh6 Ng7 12. f4 Ba6 13. Bc2 Qe8 14. Ndf3 f6 15.
Bxg7 Kxg7 16. Nd3 Bd6 17. O-O-O Nc6 18. Rhe1 Bxd3 19. Bxd3 c4 20. Bc2 b5 21. e4
Bxf4+ 22. Kb1 Qc8 23. Qg4 Bd6 24. e5 fxe5 25. Qg3 Be7 26. h4 b4 27. h5 bxc3 28.
hxg6 hxg6 29. bxc3 Rb8+ 30. Ka1 Qd8 31. Ng1 Bh4 0-1

[Event "17. Torneo Ciudad de Pamplona - Abierto"]
[Site "Pamplona ESP"]
[Date "2007.12.23"]
[Round "2.13"]
[White "Martinez Martin, David"]
[Black "Agudo Tena, Angel"]
[Result "1-0"]
[WhiteElo "2400"]
[BlackElo "1971"]
[PlyCount "39"]
[EventDate "2007.12.22"]
[EventType "swiss"]
[EventRounds "9"]
[EventCountry "ESP"]
[Source "lmi"]
[SourceDate "2007.12.22"]

1. d4 d5 2. c4 c6 3. Nc3 Nf6 4. Nf3 e6 5. Bg5 Be7 6. e3 Nbd7 7. cxd5 cxd5 8.
Bd3 h6 9. Bh4 O-O 10. Bc2 Re8 11. Qd3 Qc7 12. g4 e5 13. dxe5 Nxe5 14. Nxe5 Qxe5
15. Bg3 Qe6 16. O-O-O Bd8 17. Rhg1 Bb6 18. Bf4 Ne4 19. Nxd5 g6 20. Qxe4 1-0

[Event "17. Torneo Ciudad de Pamplona - Abierto"]
[Site "Pamplona ESP"]
[Date "2007.12.23"]
[Round "2.14"]
[White "Argaya Urdaniz, Miguel"]
[Black "Estremera Paños, Sergio"]
[Result "0-1"]
[WhiteElo "2044"]
[BlackElo "2400"]
[PlyCount "34"]
[EventDate "2007.12.22"]
[EventType "swiss"]
[EventRounds "9"]
[EventCountry "ESP"]
[Source "lmi"]
[SourceDate "2007.12.22"]

1. e4 c5 2. Nf3 Nc6 3. d4 cxd4 4. Nxd4 Nf6 5. Nc3 d6 6. Be3 e5 7. Nxc6 bxc6 8.
f3 Be6 9. Be2 Be7 10. Qd2 O-O 11. O-O d5 12. exd5 cxd5 13. Bf2 Rb8 14. Nd1 d4
15. c3 Qa5 16. Be1 Rfd8 17. cxd4 Bb4 0-1

[Event "17. Torneo Ciudad de Pamplona - Abierto"]
[Site "Pamplona ESP"]
[Date "2007.12.23"]
[Round "2.15"]
[White "Navarro Cia, Miguel"]
[Black "Sanchez Salazar, Kiko"]
[Result "1-0"]
[WhiteElo "2359"]
[BlackElo "1940"]
[PlyCount "67"]
[EventDate "2007.12.22"]
[EventType "swiss"]
[EventRounds "9"]
[EventCountry "ESP"]
[Source "lmi"]
[SourceDate "2007.12.22"]

1. c4 f5 2. g3 Nf6 3. Bg2 g6 4. b4 Bg7 5. Bb2 d6 6. d4 c6 7. Nh3 O-O 8. O-O Kh8
9. Nd2 Be6 10. Qc2 Nbd7 11. Rfe1 Rb8 12. a4 a6 13. Rac1 Bg8 14. e4 fxe4 15.
Nxe4 d5 16. Neg5 Bh6 17. Rcd1 Kg7 18. c5 Re8 19. Re2 Nf8 20. Rde1 e6 21. Bc1
Bxg5 22. Bxg5 h6 23. Bf4 Rc8 24. Be5 N8d7 25. Nf4 Bh7 26. Bxf6+ Qxf6 27. Rxe6
Rxe6 28. Rxe6 Qf7 29. Qe2 Kf8 30. Re3 g5 31. Ne6+ Kg8 32. Bh3 Re8 33. Nxg5 Rxe3
34. Qxe3 1-0

[Event "17. Torneo Ciudad de Pamplona - Abierto"]
[Site "Pamplona ESP"]
[Date "2007.12.23"]
[Round "3.2"]
[White "Li, Chao B"]
[Black "Delgado Crespo, Mairelys"]
[Result "1-0"]
[WhiteElo "2553"]
[BlackElo "2285"]
[PlyCount "81"]
[EventDate "2007.12.22"]
[EventType "swiss"]
[EventRounds "9"]
[EventCountry "ESP"]
[Source "lmi"]
[SourceDate "2007.12.22"]

1. e4 e6 2. d4 d5 3. Nc3 dxe4 4. Nxe4 Nd7 5. Nf3 Be7 6. Bd3 Ngf6 7. Qe2 c5 8.
Nxc5 Nxc5 9. dxc5 Bxc5 10. Bg5 O-O 11. O-O-O Qc7 12. Kb1 Be7 13. h4 Bd7 14. Ne5
Bc6 15. h5 Nd5 16. Bxe7 Qxe7 17. Rde1 Qb4 18. Nxc6 bxc6 19. Qe5 Rab8 20. b3 Qf4
21. Qxf4 Nxf4 22. Be4 Nd5 23. Kb2 Rfd8 24. Bf3 c5 25. Rd1 Kf8 26. Rhe1 Nb6 27.
Be2 Rxd1 28. Bxd1 Na4+ 29. Ka3 Nc3 30. Bf3 Nb5+ 31. Kb2 Ke7 32. a4 Nd4 33. Be4
f5 34. Bd3 Kf6 35. f4 Nc6 36. Bc4 Re8 37. Kc3 Nb4 38. Re5 Nc6 39. Rxc5 Nb8 40.
Rc7 a6 41. b4 1-0

[Event "17. Torneo Ciudad de Pamplona - Abierto"]
[Site "Pamplona ESP"]
[Date "2007.12.23"]
[Round "3.4"]
[White "Lymar, Irina"]
[Black "Lafuente, Pablo"]
[Result "0-1"]
[WhiteElo "2264"]
[BlackElo "2489"]
[PlyCount "64"]
[EventDate "2007.12.22"]
[EventType "swiss"]
[EventRounds "9"]
[EventCountry "ESP"]
[Source "lmi"]
[SourceDate "2007.12.22"]

1. d4 Nf6 2. Nf3 e6 3. c4 b6 4. g3 Ba6 5. b3 d5 6. cxd5 exd5 7. Bg2 Bd6 8. O-O
O-O 9. Nc3 Nbd7 10. Ne1 c6 11. Nd3 Re8 12. Bf4 Nf8 13. Rc1 Bxd3 14. Qxd3 Bxf4
15. gxf4 Ng6 16. e3 Qd7 17. Ne2 Nh4 18. Ng3 h5 19. f3 Nxg2 20. Kxg2 h4 21. Ne2
Re7 22. Ng1 Rae8 23. Rfe1 g6 24. Kf2 Nh5 25. Qf1 Ng7 26. Qd3 Nf5 27. Rc3 Rxe3
28. Rxe3 Rxe3 29. Qxe3 Nxe3 30. Rxe3 Qf5 31. Ne2 c5 32. Kg2 Qc2 0-1

[Event "17. Torneo Ciudad de Pamplona - Abierto"]
[Site "Pamplona ESP"]
[Date "2007.12.23"]
[Round "3.5"]
[White "Krivoshey, Sergei"]
[Black "Sanchez Romero, Miguel Angel"]
[Result "1/2-1/2"]
[WhiteElo "2484"]
[BlackElo "2252"]
[PlyCount "38"]
[EventDate "2007.12.22"]
[EventType "swiss"]
[EventRounds "9"]
[EventCountry "ESP"]
[Source "lmi"]
[SourceDate "2007.12.22"]

1. Nf3 Nf6 2. d4 g6 3. Bg5 Ne4 4. Bh4 Bg7 5. Nbd2 d5 6. e3 c5 7. c3 Qb6 8. Qb3
Nxd2 9. Nxd2 Nc6 10. Be2 O-O 11. Bf3 cxd4 12. exd4 e5 13. dxe5 Nxe5 14. Be2 d4
15. Qxb6 axb6 16. cxd4 Nc6 17. O-O Nxd4 18. Bc4 Be6 19. Rfe1 Bxc4 1/2-1/2

[Event "17. Torneo Ciudad de Pamplona - Abierto"]
[Site "Pamplona ESP"]
[Date "2007.12.23"]
[Round "3.6"]
[White "Padurariu, Ioana Smaranda"]
[Black "Salgado Lopez, Ivan"]
[Result "0-1"]
[WhiteElo "2220"]
[BlackElo "2460"]
[PlyCount "100"]
[EventDate "2007.12.22"]
[EventType "swiss"]
[EventRounds "9"]
[EventCountry "ESP"]
[Source "lmi"]
[SourceDate "2007.12.22"]

1. e4 c5 2. Nc3 a6 3. f4 b5 4. Nf3 Bb7 5. d3 e6 6. e5 d6 7. exd6 Bxd6 8. a4 b4
9. Ne4 Be7 10. Be2 Nf6 11. Nxf6+ Bxf6 12. O-O Nc6 13. Rb1 Qd5 14. Ne1 Nd4 15.
Bf3 Nxf3+ 16. Nxf3 c4 17. Be3 O-O 18. d4 Rfd8 19. Qe2 Rac8 20. Ne5 Qe4 21. Qf2
Bh4 22. Qe2 Be7 23. c3 f6 24. Nf3 a5 25. Rfe1 Bd5 26. Qd2 Bd6 27. Rf1 Rb8 28.
Rbc1 Rb7 29. Rfe1 Rdb8 30. Qc2 Qxc2 31. Rxc2 bxc3 32. bxc3 Rb2 33. Ree2 Rb1+
34. Kf2 h6 35. g4 g5 36. fxg5 hxg5 37. Ra2 Kg7 38. h3 Rh8 39. Reb2 Rxb2+ 40.
Rxb2 Rxh3 41. Nd2 Rh2+ 42. Kf1 Bg3 43. Bg1 Rh1 44. Rb1 Bf4 45. Ke2 Rh3 46. Rb5
Rxc3 47. Rxa5 Rc2 48. Be3 c3 49. Kd3 cxd2 50. Kxc2 Bxe3 0-1

[Event "17. Torneo Ciudad de Pamplona - Abierto"]
[Site "Pamplona ESP"]
[Date "2007.12.23"]
[Round "3.9"]
[White "Ros Octavio de Toledo, Eduardo"]
[Black "Mellado Triviño, Juan"]
[Result "1/2-1/2"]
[WhiteElo "2166"]
[BlackElo "2410"]
[PlyCount "46"]
[EventDate "2007.12.22"]
[EventType "swiss"]
[EventRounds "9"]
[EventCountry "ESP"]
[Source "lmi"]
[SourceDate "2007.12.22"]

1. Nf3 d5 2. d4 Nc6 3. Bf4 Bg4 4. Nbd2 e6 5. e3 Bd6 6. c3 Nf6 7. Qb3 Rb8 8. Bd3
O-O 9. O-O Qe7 10. h3 Bxf3 11. Nxf3 e5 12. dxe5 Nxe5 13. Nxe5 Bxe5 14. Bxe5
Qxe5 15. Rad1 c6 16. Qa4 Qc7 17. e4 Qf4 18. g3 Qh6 19. Kg2 dxe4 20. Bxe4 b5 21.
Qc2 Nxe4 22. Qxe4 Rfe8 23. Qf3 Qe6 1/2-1/2

[Event "17. Torneo Ciudad de Pamplona - Abierto"]
[Site "Pamplona ESP"]
[Date "2007.12.23"]
[Round "3.12"]
[White "Estremera Paños, Sergio"]
[Black "De Pablos Fernandez, Mariano"]
[Result "1-0"]
[WhiteElo "2400"]
[BlackElo "2020"]
[PlyCount "53"]
[EventDate "2007.12.22"]
[EventType "swiss"]
[EventRounds "9"]
[EventCountry "ESP"]
[Source "lmi"]
[SourceDate "2007.12.22"]

1. d4 d5 2. c4 e6 3. Nf3 Nf6 4. Nc3 b6 5. cxd5 exd5 6. Bg5 Be7 7. e3 O-O 8. Bd3
Bb7 9. Qc2 h6 10. h4 Nbd7 11. O-O-O c5 12. Kb1 Rc8 13. Bxf6 Nxf6 14. Bf5 Nd7
15. Ne5 Bc6 16. Nxc6 Rxc6 17. Nxd5 c4 18. Qe4 Bd6 19. Ne7+ Qxe7 20. Qxc6 Nf6
21. Qxc4 Ne4 22. Qc2 Nf6 23. g4 Nd5 24. g5 h5 25. Qb3 Nb4 26. Rc1 a5 27. a3 1-0

[Event "17. Torneo Ciudad de Pamplona - Abierto"]
[Site "Pamplona ESP"]
[Date "2007.12.23"]
[Round "3.14"]
[White "Huerga Leache, Mikel"]
[Black "Argandoña Salinas, Gorka"]
[Result "1-0"]
[WhiteElo "2440"]
[BlackElo "2089"]
[PlyCount "71"]
[EventDate "2007.12.22"]
[EventType "swiss"]
[EventRounds "9"]
[EventCountry "ESP"]
[Source "lmi"]
[SourceDate "2007.12.22"]

1. e4 e6 2. d4 d5 3. Nc3 Bb4 4. e5 c5 5. Bd2 Ne7 6. f4 Nf5 7. Nf3 Nc6 8. dxc5
Bxc5 9. Bd3 Nh4 10. g3 Nxf3+ 11. Qxf3 Nb4 12. O-O-O Nxd3+ 13. cxd3 Bd7 14. Kb1
g6 15. Be3 Rc8 16. Bxc5 Rxc5 17. Qe3 Qe7 18. Rc1 a6 19. Rc2 Rc7 20. Nxd5 exd5
21. Rxc7 Qd8 22. Qc5 Bc6 23. Qd6 Qxd6 24. exd6 O-O 25. Re1 Kg7 26. Ree7 Kf6 27.
g4 h6 28. h4 Rd8 29. g5+ hxg5 30. fxg5+ Kf5 31. Rxf7+ Kg4 32. Rf6 Kxh4 33. Rxg6
Kh5 34. Rcg7 d4 35. Rh6+ Kg4 36. d7 1-0

[Event "17. Torneo Ciudad de Pamplona - Abierto"]
[Site "Pamplona ESP"]
[Date "2007.12.23"]
[Round "3.15"]
[White "Rubio Mejia, Luis Igancio"]
[Black "Ladron de Guevara, Francisco Javier"]
[Result "1-0"]
[WhiteElo "2327"]
[BlackElo "2084"]
[PlyCount "69"]
[EventDate "2007.12.22"]
[EventType "swiss"]
[EventRounds "9"]
[EventCountry "ESP"]
[Source "lmi"]
[SourceDate "2007.12.22"]

1. d4 d5 2. c4 e6 3. Nc3 Nf6 4. cxd5 exd5 5. Bg5 Nbd7 6. e3 c6 7. Bd3 Be7 8.
Nge2 Nh5 9. Bxe7 Qxe7 10. O-O O-O 11. Rb1 Nb6 12. b4 f5 13. Ng3 Nxg3 14. hxg3
Bd7 15. b5 Kh8 16. a4 Nc8 17. Qb3 Nd6 18. bxc6 bxc6 19. Qa3 Rf6 20. Be2 Qe8 21.
a5 g5 22. Rb2 f4 23. exf4 gxf4 24. gxf4 Qg6 25. Rfb1 Rg8 26. g3 Rxf4 27. Rb8
Rxd4 28. Rxg8+ Kxg8 29. Rb8+ Kg7 30. Rd8 Qe6 31. Qc5 Nf5 32. Qxa7 Rd1+ 33. Nxd1
Qxe2 34. Qxd7+ Ne7 35. Ne3 1-0

[Event "17. Torneo Ciudad de Pamplona - Abierto"]
[Site "Pamplona ESP"]
[Date "2007.12.24"]
[Round "4.2"]
[White "Salgado Lopez, Ivan"]
[Black "Li, Chao B"]
[Result "1-0"]
[WhiteElo "2460"]
[BlackElo "2553"]
[PlyCount "157"]
[EventDate "2007.12.22"]
[EventType "swiss"]
[EventRounds "9"]
[EventCountry "ESP"]
[Source "lmi"]
[SourceDate "2007.12.22"]

1. e4 c5 2. Nf3 d6 3. d4 Nf6 4. Nc3 cxd4 5. Nxd4 g6 6. Be3 Bg7 7. f3 Nc6 8. Qd2
O-O 9. O-O-O d5 10. Kb1 Nxd4 11. e5 Nc6 12. exf6 Bxf6 13. Nxd5 Bg7 14. Bh6 e5
15. Bxg7 Kxg7 16. Qe1 Be6 17. Nf4 Qe7 18. Nxe6+ Qxe6 19. Qe4 Rfd8 20. Bc4 Qf6
21. c3 Rd6 22. Rxd6 Qxd6 23. h4 Rd8 24. h5 gxh5 25. g4 h4 26. Bb3 Qf6 27. Qe1
h6 28. Bc2 b5 29. Qxh4 Qxh4 30. Rxh4 Rd2 31. Be4 Nd8 32. Kc1 Rf2 33. Bd5 a6 34.
Rh5 f6 35. a4 Nf7 36. a5 Nd6 37. b3 Ra2 38. b4 Nc4 39. Bxc4 bxc4 40. Kb1 Rd2
41. Rf5 Kg6 42. Kc1 Rf2 43. Kb1 Rd2 44. Kc1 Ra2 45. Kb1 Rf2 46. Kc1 h5 47. Rxh5
Rxf3 48. Kc2 Rd3 49. Rh8 Kf7 50. Rc8 Rd6 51. Rxc4 Ke6 52. Re4 Kd5 53. Kd3 Ke6+
54. Ke3 Rd1 55. Rc4 Kd7 56. Ke4 Kd6 57. Rc8 Re1+ 58. Kd3 Kd7 59. Ra8 Rd1+ 60.
Ke4 Rd6 61. Ra7+ Kc8 62. Rf7 Kd8 63. Ra7 Kc8 64. Rg7 Rc6 65. Kd3 Rd6+ 66. Kc2
Kd8 67. Rh7 Kc8 68. Rf7 Kd8 69. g5 fxg5 70. Rg7 e4 71. Rxg5 e3 72. Rg2 Kc7 73.
Re2 Re6 74. Kd3 Rd6+ 75. Kxe3 Kc6 76. c4 Rd8 77. Rh2 Rb8 78. Rh6+ Kc7 79. Rb6
1-0

[Event "17. Torneo Ciudad de Pamplona - Abierto"]
[Site "Pamplona ESP"]
[Date "2007.12.24"]
[Round "4.6"]
[White "Rivero Ojeda, Jesus Carmelo"]
[Black "Huerga Leache, Mikel"]
[Result "1/2-1/2"]
[WhiteElo "2326"]
[BlackElo "2440"]
[PlyCount "136"]
[EventDate "2007.12.22"]
[EventType "swiss"]
[EventRounds "9"]
[EventCountry "ESP"]
[Source "lmi"]
[SourceDate "2007.12.22"]

1. e4 c5 2. Nf3 e6 3. c3 d5 4. e5 Nc6 5. d4 Qb6 6. a3 Nh6 7. Bd3 Nf5 8. O-O
cxd4 9. Bxf5 exf5 10. cxd4 Be6 11. Nc3 Rc8 12. Na4 Qa6 13. b4 b6 14. Be3 Be7
15. Qb3 O-O 16. Rfc1 Nb8 17. Bg5 Bxg5 18. Nxg5 Nd7 19. Nf3 Rfe8 20. b5 Qa5 21.
Nb2 Nb8 22. a4 a6 23. h3 h6 24. Ne1 Qd2 25. Ned3 a5 26. Qd1 Qxd1+ 27. Nxd1 g5
28. Rxc8 Rxc8 29. Rc1 Rxc1 30. Nxc1 f4 31. Nc3 Nd7 32. g3 fxg3 33. fxg3 f6 34.
exf6 Nxf6 35. h4 Bf5 36. hxg5 hxg5 37. Kg2 Bc2 38. Kf3 Kf7 39. Ke3 Ke6 40. N1e2
Kf5 41. Kf3 Bb3 42. g4+ Ke6 43. Ng3 Bc2 44. Nge2 Be4+ 45. Kg3 Bd3 46. Kf3 Be4+
47. Kg3 Bc2 48. Kf3 Ne4 49. Ke3 Nd6 50. Kd2 Bg6 51. Ng1 Be4 52. Nh3 Nf7 53. Ke3
Bg2 54. Ng1 Nd6 55. Kf2 Be4 56. Nf3 Nf7 57. Ke3 Bc2 58. Kd2 Bb3 59. Ke3 Bc2 60.
Kd2 Be4 61. Ke3 Bxf3 62. Kxf3 Nd6 63. Ke3 Ne8 64. Ke2 Nf6 65. Kf3 Kd6 66. Nd1
Ne4 67. Ke3 Ke6 68. Kd3 Kd6 1/2-1/2